| 000 | 00685nam a22002417a 4500 | ||
|---|---|---|---|
| 003 | UA-OsUOA | ||
| 001 | 62036 | ||
| 007 | ta | ||
| 008 | 20090810b un ||||| |||| 00| 0 ukr d | ||
| 100 | _aКук В. - "Леміш". | ||
| 090 |
_a94(477)"19" _bК89 |
||
| 942 | _cBK | ||
| 040 |
_aUA-OsUOA _bukr _cUA-OsUOA _dUA-OsUOA |
||
| 245 | _aКолгоспне рабство. | ||
| 300 | _a264 с. | ||
| 955 | _a1 | ||
| 041 | _aukr | ||
| 080 | _a94(477)"19" | ||
| 020 | _a978-966-8041-37-2 | ||
| 260 |
_aЛьвів _bЦентр досліджень визвольного руху. _c2005 |
||
| 650 | 7 |
_a9 Географія. Біографії. Історія _2UDC |
|
| 999 |
_c348030 _d348030 |
||